| 000 | 00690nam a22001817a 4500 | ||
|---|---|---|---|
| 005 | 20251108174626.0 | ||
| 008 | 250721s2006 xx 000 0 eng d | ||
| 082 | 1 | 4 | _aR/304.6021/BUL |
| 245 | 1 | 0 | _aنشرة السكان و الإحصاءات الحيوية في منطقة اللجنة الإقتصادية و الإجتماعية لغربي آسيا / |
| 264 | 1 |
_aنيويورك : _bالأمم المتحدة, _c2006. |
|
| 300 | _a104P. | ||
| 490 | 0 |
_aاللجنة الاقتصادية و الاجتماعية لغربي آسيا - الإسكوا _v9 |
|
| 650 | 1 | 7 | _aالسكان |
| 650 | 1 | 7 | _aالاحصااات |
| 650 | 1 | 7 | _aغرب اسيا |
| 942 |
_2ddc _cREF |
||
| 999 |
_c113887 _d113887 |
||